00935 2200325 4500001002100000005001500021007000300036008004100039020001800080035002000098040001700118041000800135082001000143084001600153090002500169100003300194245010000227250001000327264003800337300003400375336002100409337003000430338002300460504002600483650002700509700003100536850001000567990001600577990001600593INLIS00000000000942320260420023827ta260420 0  a979-002-517-3 a0010-1222000028 aSBPUPADbind0 aind a636.5 a636.5 DWI t a636.5 DWI t L 19 R 90 aDwi Joko Setyono:ePengarang1 aTujuh Jurus Sukses Menjadi Peternak Ayam Ras Pedaging /cDwi Joko Setyono:Editor:Desi Saraswati acet.2 aJakarta :bPenebar Swadaya,c2012 aiv 124 hlm. :bilus. ;c23 cm 2rdacontentateks 2rdamediaatanpa perantara 2rdacarrieravolume abibiliografi, hlm 136 4aTeknologi Keterampilan aDesi Saraswati:ePengarang aPUPAD a1112/B/2013 a1113/B/2013